| 000 | 00544nam a22001937a 4500 | ||
|---|---|---|---|
| 005 | 20140703160603.0 | ||
| 010 | _aENG-109853 | ||
| 020 |
_a9789350450031 _c100.00 |
||
| 020 |
_a9789350450048 _c100.00 |
||
| 035 | _aEN-93386 | ||
| 037 | _bDBAD/PUB | ||
| 082 | _a881 | ||
| 100 | _aKhobragade, Sharmistha | ||
| 245 | 0 | 0 |
_aSelected poems / _cby Sharmistha Khobragade |
| 260 |
_aCalcatta _bWriters Workshop _c2010 |
||
| 270 |
_a162/92 Lake Gardens _bCalcutta _e700045 |
||
| 300 |
_a51p. _c22cm(Hb) |
||
| 942 |
_2ddc _cEN _mKHO _h881 |
||
| 999 |
_c83984 _d83984 |
||